[Event "MEX-ch U26 (Women)"]
[Site "Merida"]
[Date "2019.05.14"]
[Round "3"]
[White "Contreras Zuniga, Julisa"]
[Black "Ramirez Esqueda, Edith Aleja"]
[Result "1-0"]
[WhiteElo "1399"]
[BlackElo "1278"]
[PlyCount "79"]
[EventDate "2019.05.12"]
[EventType "swiss"]
[EventRounds "6"]
[EventCountry "MEX"]
[SourceTitle "EXT 2020"]
[Source "ChessBase"]
[SourceDate "2019.10.17"]
[SourceVersion "1"]
[SourceVersionDate "2019.10.17"]
[SourceQuality "1"]

1. d4 d5 2. c4 e6 3. Nc3 Nf6 4. Bg5 Be7 5. e3 0-0 6. Bxf6 Bxf6 7. cxd5 exd5 8. Bd3 Nc6 9. Qh5 g6 10. Qxd5 Nb4 11. Qc4 Nxd3+ 12. Qxd3 Bf5 13. Qb5 Rb8 14. Nge2 c6 15. Qb3 Bg7 16. 0-0 Qg5 17. Ng3 Be6 18. Qc2 Rbc8 19. b4 h5 20. Nce4 Qd8 21. Nc5 Qe7 22. Nxe6 Qxe6 23. Rad1 h4 24. Ne2 Rfe8 25. Nf4 Qf6 26. h3 Bf8 27. a3 Bd6 28. Nd3 Qf5 29. Qd2 Re6 30. f3 Qg5 31. e4 Qg3 32. e5 Be7 33. f4 Bg5 34. Rf3 Bxf4 35. Nxf4 Qg5 36. Nxe6 Qxd2 37. Rxd2 fxe6 38. Rf6 Re8 39. Rxg6+ Kh7 40. Rf6 1-0